Statistics for Every German Top Goalscorer per Premier League Season

Click here to take the quiz!

General Stats

  • This quiz has been taken 82 times
  • The average score is 21 of 35

Answer Stats

SeasonPlayerClub(s)Goals% Correct
2021/22İlkay GündoğanManchester City8
99%
2020/21İlkay GündoğanManchester City13
99%
2019/20İlkay GündoğanManchester City2
99%
2021/22Kai HavertzChelsea8
97%
2006/07Michael BallackChelsea5
92%
2009/10Michael BallackChelsea4
92%
2007/08Michael BallackChelsea7
92%
2008/09Michael BallackChelsea1
92%
2017/18Leroy SanéManchester City10
86%
2018/19Leroy SanéManchester City10
86%
2016/17Mesut ÖzilArsenal8
82%
2015/16Mesut ÖzilArsenal6
82%
2014/15Mesut ÖzilArsenal4
82%
1997/98Jürgen KlinsmannTottenham Hotspur9
77%
1994/95Jürgen KlinsmannTottenham Hotspur20
77%
2019/20Antonio RüdigerChelsea2
73%
2019/20Pascal GroßBrighton & Hove Albion2
70%
2012/13Lukas PodolskiArsenal11
69%
2013/14Lukas PodolskiArsenal8
69%
2013/14André SchürrleChelsea8
64%
2010/11Robert HuthStoke City6
47%
2011/12Robert HuthStoke City3
47%
2002/03Dietmar HamannLiverpool2
45%
2002/03Christian ZiegeTottenham Hotspur2
24%
1999/00Christian ZiegeMiddlesbrough6
24%
2001/02Christian ZiegeTottenham Hotspur5
24%
1995/96Uwe RöslerManchester City9
24%
1993/94Uwe RöslerManchester City5
24%
2000/01Markus BabbelLiverpool3
20%
2003/04Markus BabbelBlackburn Rovers3
20%
2004/05Thomas HitzlspergerAston Villa2
20%
2003/04Thomas HitzlspergerAston Villa3
20%
2002/03Thomas HitzlspergerAston Villa2
20%
1998/99Karl-Heinz RiedleLiverpool5
16%
2003/04Michael TarnatManchester City3
8%

Score Distribution

Percentile by Number Answered

Percent of People with Each Score

Your Score History

You have not taken this quiz